000 00428nam a22001817a 4500
003 MPLRDC
005 20220104124244.0
008 210129b ||||| |||| 00| 0 eng d
020 _a7-5355-0638-0
082 _a870.99 GEJ
100 _a王远泽著
245 _a高尔基研究
_c
250 _a一版一刷
260 _a
_b中国. 长沙. 湖南教育
_c1988
300 _b
650 _a
942 _cBK
_o870.99 GEJ
999 _c17882
_d17872